Calles del Casco Antiguo de Sevilla - ¡Muerte súbita! - Estadísticas

Estadísticas generales
  • Esta prueba ha sido intentada 227 veces
  • La puntuación promedio es 5 de 17
Answers on the Grid
Answers color-coded by a green-red scale on the quiz's grid according to % correct below.
Arroyo
Muro de los Navarros
Paseo de las Delicias
Castilla
Arjona
La Rábida
Jabugo
Feria
Avenida de la Constitución
Avenida Torneo
Avenida de la Palmera
Paseo Cristóbal Colón
Luis Montoto
Evangelista
Salado
Pasaje Mallol
Sol
Irún
Francisco Carrión Mejías
San Fernando
Tarfia
Regina
Sierpes
Plaza de la Gavidia
Plaza Vicente Aleixandre
Écija
Afán de Ribera
Avenida de Andalucía
Bobby Deglané
Joaquín Costa
 
Estadísticas de respuestas
Respuesta % Correcto
Sierpes
62%
Feria
57%
Avenida de la Constitución
51%
Sol
46%
Regina
37%
Plaza de la Gavidia
36%
San Fernando
33%
Muro de los Navarros
30%
Arjona
29%
Paseo Cristóbal Colón
23%
Avenida Torneo
20%
Pasaje Mallol
20%
Francisco Carrión Mejías
15%
Bobby Deglané
10%
Joaquín Costa
10%
La Rábida
8%
Irún
6%
No se encontraron pruebas coincidentes
Distribución de puntuación
Porcentaje de gente con cada puntuación
Porcentaje por número respondido
Historial de tus puntuaciones
No has intentado esta prueba.